000 00580nam a2200217 a 4500
008
049 _aMAIN
090 _aRC158
_bRID
100 1 _aRidley, Dennis S.
245 1 0 _aSkin Biopsy in leprosy /
_cDennis S. Ridley.
300 _a2nd ed
300 _a62p. :
_bill.(som. col.) ;
_c24cm.
500 _aIncudes index.
504 _aIncludes bibliographical references.
650 1 _aleprosy.
907 _a.b10327629
_b18-03-13
_c20-02-13
003
005 20230120204119.0
040 _cNUST
942 _cBOOKS
_kRC158
_mRID
999 _c117355
_d117355